FIFA World Cup 2026 - United States Squad - Statistics

General Stats
  • This quiz has been taken 8 times
  • The average score is 16 of 27
Answer Stats
Team # Position Club/Country Player % Correct
USA Manager Argentina Mauricio Pochettino
100%
USA 8 CM Juventus FC Weston McKennie
100%
USA 5 LB Fulham FC Antonee Robinson
88%
USA 10 RW AC Milan Christian Pulisic
88%
USA 20 ST AS Monaco Folarin Balogun
88%
USA 17 AM Bayer 04 Leverkusen Malik Tillman
88%
USA 1 GK New England Revolution Matt Turner
88%
USA 12 CB FC Cincinnati Miles Robinson
88%
USA 2 RB PSV Eindhoven Sergiño Dest
88%
USA 4 DM AFC Bournemouth Tyler Adams
88%
USA 11 AM Leeds United Brenden Aaronson
75%
USA 7 AM Borussia Mönchengladbach Giovanni Reyna
75%
USA 9 ST PSV Eindhoven Ricardo Pepi
75%
USA 13 CB Charlotte FC Time Ream
75%
USA 21 RM Olympique Marseille Timothy Weah
75%
USA 3 CB Crystal Palace Chris Richards
63%
USA 23 RB Borussia Mönchengladbach Joe Scally
63%
USA 19 ST Coventry City Haji Wright
50%
USA 22 CB FC Toulouse Mark McKenzie
50%
USA 16 RB Villareal CF Alex Freeman
25%
USA 6 CB Celtic FC Auston Trusty
25%
USA 26 RW CF América Álex Zendejas
0%
USA 25 GK Chicago Fire FC Chris Brady
0%
USA 15 CM Seattle Sounders FC Cristian Roldán
0%
USA 24 GK New York City FC Matt Freese
0%
USA 18 LW Columbus Crew Max Arfsten
0%
USA 14 CM Vancouver Whitecaps FC Sebastian Berhalter
0%
No matching quizzes found
Score Distribution
Percent of People with Each Score
Percentile by Number Answered
Your Score History
You have not taken this quiz